000 00405nam a2200157Ia 4500
008 230917s9999||||xx |||||||||||||| ||und||
020 _cPON3.25
040 _e25417
_aMAIN
041 _aEnglish
082 _a301.18 B613F
100 _aBlau, Peter M
245 0 _aFormal organization: A comparative approach
260 _aLondon
_bRoutledge & Kegan Paul
_c1977
300 _axii, 312 p.
942 _cBK
999 _c193000
_d193000